Score 0/20 Timer 03:00
0 Plays Today
Hint Answer % Correct
I ____ LucyLove
98.4%
Sesame ______Street
97.8%
________ BadBreaking
95.5%
Gilmore _____Girls
95.4%
Yakkity ___Yak
91.8%
_____ JudyJudge
91.1%
___ on OneOne
90.1%
The West ____Wing
86%
Ed, Edd, 'n ____Eddy
83.9%
Nighty _____Night
83.7%
Hint Answer % Correct
Charles in ______Charge
80.1%
___ MenMad
78.8%
______ HeroesHogan's
73.9%
Amos 'n' ____Andy
70.6%
Family ____Feud
70.1%
Darkwing _____Duck
67.2%
Chip 'N Dale Rescue ______Rangers
60.1%
Private ________Practice
50.5%
_____ TitansTeen
47.1%
Kath & ___Kim
25.7%

Today's Daily Dose

Missing Word
The Unexplained

Quick Pick
Sunday Things

Get the Picture
Beat It or Eat It?

You're not logged in!

Compare scores with friends on all Sporcle quizzes.
OR
Log In

Sporcle TV

Today on Sporcle TV


Watch our educational content, quiz creation guides, and fun videos on Sporcle TV.

Show Comments

Extras

Top Quizzes Today


Score Distribution

Paid Content

Your Account Isn't Verified!

In order to create a playlist on Sporcle, you need to verify the email address you used during registration. Go to your Sporcle Settings to finish the process.

Report this User

Report this user for behavior that violates our Community Guidelines.

Details: